| 000 | 00868nam a2200193 a 4500 | ||
|---|---|---|---|
| 008 | 120416s1994 ||||||||||||||||| || u | ||
| 020 | _a007460399X | ||
| 050 | _aTA 545 Bas | ||
| 100 | _aBasak, N. N | ||
| 245 | 1 | 0 | _aSurveying and levelling |
| 260 |
_aNew Delhi: _bTata McGraw-Hill _c1994 |
||
| 300 | _axiv, 549p.: ill. | ||
| 350 | _a0.00 | ||
| 650 | _aENGINEERING | ||
| 650 | 0 | _aSURVEYING | |
| 995 |
_aBINDERY (DAMAGED) _D0.00 _e732475 _FCBU-MAIN LIBRARY (Kitwe) _H2 _I30.00 _jTA 545 Bas _M2 _UDAMAGED _y44858 _ZMain Library Open Access Collection |
||
| 995 |
_aBINDERY (DAMAGED) _D0.00 _e732476 _FCBU-MAIN LIBRARY (Kitwe) _H3 _I30.00 _jTA 545 Bas _M3 _UDAMAGED _y44860 _ZMain Library Open Access Collection |
||
| 995 |
_aMAIN LIBRARY OPEN ACCESS _D0.00 _e732474 _FCBU-MAIN LIBRARY (Kitwe) _H1 _I30.00 _jTA 545 Bas _M1 _UAVAILABLE _WApr 26, 2006 _y44857 _ZMain Library Open Access Collection |
||
| 999 |
_c80858 _d80858 |
||